| 000 | 00000nam 2200000zi 4500 |
| 001 | 9.900581 |
| 003 | CaOODSP |
| 005 | 20221107175438 |
| 006 | m o d f |
| 007 | cr |n||||||||| |
| 008 | 210609t19781978onca |ob f001 0 eng d |
| 020 | |z0-660-10016-9 |
| 040 | |aCaOODSP|beng|erda|cCaOODSP |
| 043 | |an-cn--- |
| 086 | 1 |aA54-3/18-1978E-PDF|zA54-3/18 |
| 100 | 1 |aBassett, I. John, |eauthor. |
| 245 | 13|aAn atlas of airborne pollen grains and common fungus spores of Canada / |cI. John Bassett, Clifford W. Crompton, and John A. Parmelee. |
| 264 | 1|aOttawa : |bResearch Branch, Agriculture Canada, |c1978. |
| 264 | 4|a©1978 |
| 300 | |a1 online resource (321 pages) : |billustrations. |
| 336 | |atext|btxt|2rdacontent |
| 337 | |acomputer|bc|2rdamedia |
| 338 | |aonline resource|bcr|2rdacarrier |
| 490 | 1 |aMonograph / Canada Department of Agriculture, Research Branch ; |vNo. 18 |
| 500 | |a"Digitized by the Internet Archive in 2011 with funding from Agriculture and Agri-Food Canada - Agriculture et Agroalimentaire Canada." |
| 504 | |aIncludes bibliographical references and index. |
| 650 | 0|aPollen|zCanada|vIdentification. |
| 650 | 0|aFungi|xSpores|zCanada|vIdentification. |
| 650 | 0|aAir|xMicrobiology|zCanada. |
| 650 | 6|aPollen|zCanada|vGuides d'identification. |
| 650 | 6|aSpores|zCanada|vGuides d'identification. |
| 650 | 6|aPalynologie|zCanada. |
| 655 | 7|aField guides|2lcgft |
| 710 | 1 |aCanada.|bAgriculture Canada.|bResearch Branch, |eissuing body. |
| 830 | #0|aMonograph (Canada. Agriculture Canada. Research Branch)|vNo. 18. |w(CaOODSP)9.507455 |
| 856 | 40|ahttp://publications.gc.ca|qPDF|s22.96 MB|uhttps://publications.gc.ca/collections/collection_2021/aac-aafc/A54-3-18-1978-eng.pdf |